[Event "City of Dublin Masters 2014"]
[Site "Dublin IRL"]
[Date "2014.09.12"]
[Round "1"]
[White "Harding, Tim"]
[Black "Firstov, Juri"]
[Result "0-1"]
[WhiteElo "2095"]
[BlackElo "2367"]
[WhiteICU "1975"]
[BlackICU "2328"]
[WhiteClub "T.C.D."]
[BlackClub "T.C.D."]
[WhiteNationality "IRL"]
[BlackNationality "EST"]
[WhiteFideId "2500256"]
[BlackFideId "4501233"]
[PlyCount "150"]
[Venue "Gresham Hotel, 23 Upper O'Connell Street, Dublin 1"]
[EventDate "2014.09.12"]
[Source "Herbert Scarry and Pat Fitzsimons, via Irish Chess Cogitations blog"]

{ Reference: <a
href="https://www.irlchess.com/cityofdublin2014_allfiles/information_cityofdublin2014.html">Tournament
report</a>. }

1. d4 b6 2. e4 Bb7 3. f3 e6 4. Nh3 g6 5. Bg5 f6 6. Be3 Bg7 7. Nf2 d6 8. Nc3
Nd7 9. Bc4 Qe7 10. Qe2 c6 11. Ba6 Bxa6 12. Qxa6 Nb8 13. Qd3 Nh6 14. h4 Qb7
15. h5 g5 16. e5 fxe5 17. Nfe4 Kd7 18. dxe5 d5 19. Bxg5 Nf7 20. Nf6+ Kc8
21. Bf4 Qc7 22. Ng4 Nxe5 23. Bxe5 Bxe5 24. O-O-O Bf4+ 25. Kb1 Kb7 26. Ne2
Nd7 27. Nxf4 Qxf4 28. Qc3 e5 29. Nf2 Rad8 30. Nd3 Qf6 31. Rde1 Rhe8 32. Qb4
a5 33. Qh4 Qxh4 34. Rxh4 Kc7 35. Rg4 Nf6 36. Rg7+ Rd7 37. Rxd7+ Nxd7 38.
Kc1 Kd6 39. Kd2 Rf8 40. Ke3 Nf6 41. Rh1 d4+ 42. Ke2 e4 43. fxe4 Nxe4 44.
Rh4 Ng3+ 45. Kd2 c5 46. Rh3 Rg8 47. Nf2 Nf1+ 48. Ke2 Ne3 49. c3 Rxg2 50.
cxd4 cxd4 51. Rh4 Nf5 52. Rf4 Ke5 53. Re4+ Kd5 54. Rf4 Nd6 55. Kf3 Rh2 56.
Ng4 Rxb2 57. Nf6+ Kc5 58. Nxh7 Rxa2 59. Ng5 Rh2 60. Ne6+ Kd5 61. Nxd4 Rxh5
62. Ke3 a4 63. Nc2 Nc4+ 64. Kd3 Rh3+ 65. Ke2 a3 66. Rf1 Rh2+ 67. Rf2 Rxf2+
68. Kxf2 Kc5 69. Ke2 b5 70. Kd3 b4 71. Na1 Na5 72. Nc2 Kb5 73. Na1 b3 74.
Nxb3 Nxb3 75. Kc3 Ka4 0-1

[Event "City of Dublin Masters 2014"]
[Site "Dublin IRL"]
[Date "2014.09.12"]
[Round "1"]
[White "Daly, Colm"]
[Black "Hayes, Peter J."]
[Result "1-0"]
[WhiteTitle "FM"]
[WhiteElo "2343"]
[BlackElo "2090"]
[WhiteICU "2265"]
[BlackICU "2000"]
[WhiteClub "Bray/Greystones"]
[BlackClub "Rathmines"]
[WhiteNationality "IRL"]
[BlackNationality "IRL"]
[WhiteFideId "2500434"]
[BlackFideId "2502569"]
[PlyCount "81"]
[Venue "Gresham Hotel, 23 Upper O'Connell Street, Dublin 1"]
[EventDate "2014.09.12"]
[Source "Herbert Scarry and Pat Fitzsimons, via Irish Chess Cogitations blog"]

{ Annotator: Colm Daly, "Daly_Hayes_The_Cod_2014", Irish Chess Cogitations
blog, September 2014
(http://www.irishchesscogitations.com/thecod2014/rd1thecod2014.htm: dead
link as of May 16, 2017). } { References: <a
href="https://www.irlchess.com/cityofdublin2014_allfiles/information_cityofdublin2014.html">Tournament
report</a>. }

1. c4 c6 2. Nf3 d5 3. b3 Nf6 4. Bb2 e6 5. g3 Bd6 6. Bg2 Nbd7 7. d4 Ne4 8.
O-O f5 9. e3 Qe7 10. Ne5 Nxe5 11. dxe5 Bc7 12. f3 Ng5 13. h4 Nf7 14. f4 Bd7
15. Ba3 Qd8 16. Nc3 Bb6 17. Re1 Qc7 18. c5 Nxe5 19. fxe5 Qxe5 20. cxb6 Qxc3
21. Qh5+ g6 22. Qe2 Qa5 23. Bb2 Rf8 24. bxa7 Qc7 25. Qf2 e5 26. Qc2 Rxa7
27. Qc3 e4 28. Kh2 b6 29. Rec1 Qd6 30. Qg7 Rf7 31. Qh8+ Ke7 32. Be5 Qe6 33.
Bf4 Be8 34. a4 Kd7 35. Qd4 c5 36. Rxc5 bxc5 37. Qxc5 Qa6 38. Bf1 Qa5 39.
Qd6+ Kc8 40. Qb8+ Kd7 41. Bb5+ 1-0

[Event "City of Dublin Masters 2014"]
[Site "Dublin IRL"]
[Date "2014.09.12"]
[Round "1"]
[White "O'Donnell, Conor"]
[Black "Palmer, Bernard"]
[Result "1-0"]
[WhiteElo "2209"]
[BlackElo "2048"]
[WhiteICU "2143"]
[BlackICU "1935"]
[WhiteClub "Gonzaga"]
[BlackClub "Dun Laoghaire"]
[WhiteNationality "IRL"]
[BlackNationality "IRL"]
[WhiteFideId "2504243"]
[BlackFideId "2500701"]
[PlyCount "81"]
[Venue "Gresham Hotel, 23 Upper O'Connell Street, Dublin 1"]
[EventDate "2014.09.12"]
[Source "Herbert Scarry and Pat Fitzsimons, via Irish Chess Cogitations blog"]

{ Reference: <a
href="https://www.irlchess.com/cityofdublin2014_allfiles/information_cityofdublin2014.html">Tournament
report</a>. }

1. e4 e6 2. d4 d5 3. Nc3 Bb4 4. exd5 exd5 5. Bd3 Nc6 6. a3 Be7 7. Nce2 Bf6
8. c3 Nge7 9. Ng3 g6 10. Bh6 Be6 11. Nf3 Qd7 12. O-O Nf5 13. Nxf5 Bxf5 14.
Re1+ Be6 15. b4 Ne7 16. Ne5 Qd8 17. Qf3 Bxe5 18. Rxe5 Qd7 19. Bg7 Rg8 20.
Bf6 c6 21. Qf4 O-O-O 22. Qh4 Rde8 23. Qxh7 Nf5 24. Rae1 Nd6 25. Qh6 Nf5 26.
Qf4 Ng7 27. Bxg7 Rxg7 28. Qf6 Rh7 29. h4 Reh8 30. g3 Rh6 31. Rg5 Re8 32.
Qg7 Reh8 33. Qe5 Re8 34. Qf6 Rh7 35. Rge5 Rg8 36. f4 Rhg7 37. Kf2 Rh7 38.
R1e3 Qd8 39. Rxe6 fxe6 40. Qxe6+ Kb8 41. Bxg6 1-0

[Event "City of Dublin Masters 2014"]
[Site "Dublin IRL"]
[Date "2014.09.12"]
[Round "1"]
[White "Butler, Kevin C."]
[Black "Murray, David"]
[Result "1/2-1/2"]
[WhiteElo "2029"]
[BlackElo "2151"]
[WhiteICU "1954"]
[BlackICU "2054"]
[WhiteClub "Phibsboro"]
[BlackClub "Gonzaga"]
[WhiteNationality "IRL"]
[BlackNationality "IRL"]
[WhiteFideId "2501538"]
[BlackFideId "2501511"]
[PlyCount "115"]
[Venue "Gresham Hotel, 23 Upper O'Connell Street, Dublin 1"]
[EventDate "2014.09.12"]
[Source "Herbert Scarry and Pat Fitzsimons, via Irish Chess Cogitations blog"]

{ Reference: <a
href="https://www.irlchess.com/cityofdublin2014_allfiles/information_cityofdublin2014.html">Tournament
report</a>. }

1. e4 c5 2. Nf3 d6 3. d4 cxd4 4. Nxd4 Nf6 5. Nc3 Nc6 6. Be2 e5 7. Nb3 Be6
8. Bg5 Be7 9. O-O O-O 10. Qd2 a5 11. a4 Nb4 12. Bxf6 Bxf6 13. Nb5 Bg5 14.
Qd1 d5 15. c3 Na6 16. Bg4 b6 17. Bxe6 fxe6 18. Qe2 Bf6 19. Rad1 Nc5 20.
Nxc5 bxc5 21. Qd3 c4 22. Qd2 Qd7 23. exd5 Rad8 24. d6 Qc6 25. Qe2 Rd7 26.
Qg4 Kf7 27. Rfe1 g6 28. Qe4 Qc5 29. Re2 Kg8 30. Qg4 Kf7 31. Re4 h5 32. Qe2
Rc8 33. Kh1 Qc6 34. h3 Kg7 35. Re1 Qd5 36. Rd1 Qc5 37. f4 exf4 38. Rxe6 Qf5
39. Qe4 Rc5 40. Qxf5 Rxf5 41. Re4 f3 42. gxf3 Rxf3 43. Rxc4 Be5 44. Rc7
Rxh3+ 45. Kg2 Rh2+ 46. Kf3 Rxc7 47. dxc7 Bxc7 48. Rd7+ Kf6 49. Rxc7 Rxb2
50. Nd4 Ra2 51. Rc4 g5 52. Nc6 h4 53. Kg4 Rg2+ 54. Kh3 Rg3+ 55. Kh2 g4 56.
Nxa5 Rh3+ 57. Kg2 Rg3+ 58. Kh2 1/2-1/2

[Event "City of Dublin Masters 2014"]
[Site "Dublin IRL"]
[Date "2014.09.12"]
[Round "1"]
[White "Delaney, Killian"]
[Black "Mulligan, Scott"]
[Result "1/2-1/2"]
[WhiteElo "2114"]
[BlackElo "1876"]
[WhiteICU "2109"]
[BlackICU "1785"]
[WhiteClub "Gonzaga"]
[BlackClub "Rathmines Jrs"]
[WhiteNationality "IRL"]
[BlackNationality "IRL"]
[WhiteFideId "2501570"]
[BlackFideId "2507498"]
[PlyCount "144"]
[Venue "Gresham Hotel, 23 Upper O'Connell Street, Dublin 1"]
[EventDate "2014.09.12"]
[Source "Herbert Scarry and Pat Fitzsimons, via Irish Chess Cogitations blog"]

{ Reference: <a
href="https://www.irlchess.com/cityofdublin2014_allfiles/information_cityofdublin2014.html">Tournament
report</a>. }

1. e4 e6 2. d4 d5 3. e5 c5 4. c3 Nc6 5. Nf3 Bd7 6. Bd3 cxd4 7. cxd4 Qb6 8.
O-O Nxd4 9. Nbd2 Bc5 10. Nxd4 Bxd4 11. Nf3 Ne7 12. Rb1 Nc6 13. Bf4 f6 14.
exf6 Bxf6 15. Ng5 Bxg5 16. Qh5+ Kf8 17. Qxg5 Qd4 18. Qg3 e5 19. Be3 Qg4 20.
Bc5+ Ke8 21. Qe3 b6 22. Ba3 Qf4 23. Qxf4 exf4 24. Bd6 g5 25. Ba6 Bc8 26.
Bb5 Bd7 27. Rbc1 Rc8 28. Ba6 Kf7 29. Bxc8 Rxc8 30. Rfe1 f3 31. gxf3 Kg6 32.
Rcd1 d4 33. Kg2 Bf5 34. f4 g4 35. f3 h5 36. fxg4 hxg4 37. Rd2 d3 38. Be5
Na5 39. b3 Rc2 40. Rxc2 dxc2 41. Bc3 Nc6 42. Kf2 Ne7 43. Ke2 Nd5 44. Bd2
Nf6 45. Ke3 Ne4 46. Bb4 a5 47. Be7 Kf7 48. Bd8 Nc3 49. Kd2 Nxa2 50. Bxb6
c1=Q+ 51. Rxc1 Nxc1 52. Kxc1 a4 53. bxa4 Ke6 54. Kd2 Kd5 55. Kc3 Ke4 56. a5
Kxf4 57. a6 Ke5 58. a7 Be4 59. Kc4 Kd6 60. Kd4 Bf3 61. Ke3 Kd7 62. h3 Bc6
63. hxg4 Kc8 64. g5 Kb7 65. Bc5 Be8 66. Kf4 Bg6 67. Ke5 Ka8 68. Kf6 Bc2 69.
Be3 Bb1 70. g6 Bxg6 71. Kxg6 Kb7 72. Kf6 Ka8 1/2-1/2

[Event "City of Dublin Masters 2014"]
[Site "Dublin IRL"]
[Date "2014.09.12"]
[Round "1"]
[White "Keogh, Eamon"]
[Black "Benson, Oisin P."]
[Result "0-1"]
[WhiteTitle "NM"]
[WhiteElo "1983"]
[BlackElo "2028"]
[WhiteICU "1888"]
[BlackICU "1968"]
[WhiteClub "Kilkenny"]
[BlackClub "T.C.D."]
[WhiteNationality "IRL"]
[BlackNationality "IRL"]
[WhiteFideId "2500264"]
[BlackFideId "2501821"]
[PlyCount "44"]
[Venue "Gresham Hotel, 23 Upper O'Connell Street, Dublin 1"]
[EventDate "2014.09.12"]
[Source "Herbert Scarry and Pat Fitzsimons, via Irish Chess Cogitations blog"]
[BlackFullName "Benson, Ois&iacute;n P."]

{ Reference: <a
href="https://www.irlchess.com/cityofdublin2014_allfiles/information_cityofdublin2014.html">Tournament
report</a>. }

1. d3 d5 2. g3 Nf6 3. Bg2 g6 4. Nf3 Bg7 5. O-O O-O 6. Nbd2 c5 7. e4 d4 8.
Re1 Nc6 9. Nb3 Nd7 10. e5 Ncxe5 11. Nxe5 Nxe5 12. Nxc5 Qb6 13. Nb3 Bg4 14.
f3 Be6 15. Bf4 Nc6 16. Qd2 Rfe8 17. Bh6 Bh8 18. Qg5 Nb4 19. Nc5 Bf6 20.
Rxe6 fxe6 21. Qg4 Qxc5 22. Qxe6+ Kh8 0-1

[Event "City of Dublin Masters 2014"]
[Site "Dublin IRL"]
[Date "2014.09.13"]
[Round "2"]
[White "Firstov, Juri"]
[Black "O'Donnell, Conor"]
[Result "1-0"]
[WhiteElo "2367"]
[BlackElo "2209"]
[WhiteICU "2328"]
[BlackICU "2143"]
[WhiteClub "T.C.D."]
[BlackClub "Gonzaga"]
[WhiteNationality "EST"]
[BlackNationality "IRL"]
[WhiteFideId "4501233"]
[BlackFideId "2504243"]
[PlyCount "35"]
[Venue "Gresham Hotel, 23 Upper O'Connell Street, Dublin 1"]
[EventDate "2014.09.12"]
[Source "Herbert Scarry and Pat Fitzsimons, via Irish Chess Cogitations blog"]

{ Reference: <a
href="https://www.irlchess.com/cityofdublin2014_allfiles/information_cityofdublin2014.html">Tournament
report</a>. }

1. c4 c6 2. Nf3 d5 3. e3 Nf6 4. Nc3 a6 5. d4 Bf5 6. Be2 h6 7. Qb3 b5 8.
cxd5 cxd5 9. a4 b4 10. Qxb4 Nc6 11. Qb3 Rb8 12. Qd1 Nb4 13. O-O Nc2 14. e4
Nxa1 15. exf5 Rb6 16. a5 Rb4 17. Ne5 Qd6 18. Bh5 1-0

[Event "City of Dublin Masters 2014"]
[Site "Dublin IRL"]
[Date "2014.09.13"]
[Round "2"]
[White "Redmond, John P."]
[Black "Daly, Colm"]
[Result "1/2-1/2"]
[BlackTitle "FM"]
[WhiteElo "2255"]
[BlackElo "2343"]
[WhiteICU "2203"]
[BlackICU "2265"]
[WhiteClub "Atticus ENG"]
[BlackClub "Bray/Greystones"]
[WhiteNationality "IRL"]
[BlackNationality "IRL"]
[WhiteFideId "2500051"]
[BlackFideId "2500434"]
[PlyCount "137"]
[Venue "Gresham Hotel, 23 Upper O'Connell Street, Dublin 1"]
[EventDate "2014.09.12"]
[Source "Herbert Scarry and Pat Fitzsimons, via Irish Chess Cogitations blog"]

{ Reference: <a
href="https://www.irlchess.com/cityofdublin2014_allfiles/information_cityofdublin2014.html">Tournament
report</a>. }

1. Nf3 d6 2. d4 Bg4 3. e4 g6 4. Bc4 e6 5. h3 Bxf3 6. Qxf3 Bg7 7. c3 c6 8.
O-O d5 9. Bd3 dxe4 10. Bxe4 Nf6 11. Bc2 O-O 12. Nd2 Qd5 13. Bb3 Qxf3 14.
Nxf3 Nbd7 15. Bf4 Rfc8 16. Rfd1 Nd5 17. Bd6 Bf8 18. Bh2 N5b6 19. Ne5 Nxe5
20. Bxe5 Bg7 21. Bd6 Rd8 22. Bc7 Rd7 23. Bxb6 axb6 24. Kf1 b5 25. a3 b6 26.
Bc2 Rad8 27. Ke2 Bh6 28. Rd3 Kf8 29. g3 Ke7 30. h4 Bg7 31. Rdd1 h5 32. Be4
Rd6 33. Bf3 Bh6 34. a4 bxa4 35. Rxa4 c5 36. Ke1 cxd4 37. Raxd4 Rxd4 38.
Rxd4 Rxd4 39. cxd4 Bg7 40. b4 Bxd4 41. b5 f5 42. Bc6 e5 43. Ke2 Bc5 44. Bd5
Bb4 45. Bc6 Kf6 46. Be8 e4 47. Bc6 Bd6 48. Bd5 g5 49. hxg5+ Kxg5 50. Kf1 h4
51. gxh4+ Kxh4 52. f3 e3 53. Ke2 Bc5 54. Bc6 Kg5 55. Be8 Kf4 56. Bc6 Ke5
57. Be8 f4 58. Bc6 Be7 59. Be8 Kd6 60. Bc6 Bh4 61. Be8 Ke7 62. Bc6 Bf6 63.
Kd3 Bd4 64. Ke2 Bc5 65. Kd3 Kf6 66. Ke2 Kg5 67. Be8 Kh4 68. Bc6 Kg3 69. Be8
1/2-1/2

[Event "City of Dublin Masters 2014"]
[Site "Dublin IRL"]
[Date "2014.09.13"]
[Round "2"]
[White "Benson, Oisin P."]
[Black "Delaney, Killian"]
[Result "0-1"]
[WhiteElo "2028"]
[BlackElo "2114"]
[WhiteICU "1968"]
[BlackICU "2109"]
[WhiteClub "T.C.D."]
[BlackClub "Gonzaga"]
[WhiteNationality "IRL"]
[BlackNationality "IRL"]
[WhiteFideId "2501821"]
[BlackFideId "2501570"]
[PlyCount "58"]
[Venue "Gresham Hotel, 23 Upper O'Connell Street, Dublin 1"]
[EventDate "2014.09.12"]
[Source "Herbert Scarry and Pat Fitzsimons, via Irish Chess Cogitations blog"]
[WhiteFullName "Benson, Ois&iacute;n P."]

{ Reference: <a
href="https://www.irlchess.com/cityofdublin2014_allfiles/information_cityofdublin2014.html">Tournament
report</a>. }

1. d4 d5 2. c4 e6 3. Nc3 c5 4. cxd5 cxd4 5. Qxd4 Nc6 6. Qd2 exd5 7. Qxd5
Bd7 8. Nf3 Nf6 9. Qb3 Be6 10. Qa4 Bc5 11. Bg5 Qb6 12. Nd1 O-O-O 13. Bd2
Rxd2 14. Nxd2 Rd8 15. e3 Bb4 16. Nc3 Bxc3 17. bxc3 Rxd2 18. Bb5 Rxf2 19.
Kxf2 Ng4+ 20. Kf1 Qxe3 21. Qc2 Qc5 22. Qe2 Ne3+ 23. Ke1 Qxc3+ 24. Kf2 Ng4+
25. Qxg4 Bxg4 26. Rhc1 Qb2+ 27. Kg3 Qxb5 28. Kxg4 Qd3 29. Rab1 f5+ 0-1

[Event "City of Dublin Masters 2014"]
[Site "Dublin IRL"]
[Date "2014.09.13"]
[Round "2"]
[White "Mulligan, Scott"]
[Black "Butler, Kevin C."]
[Result "1/2-1/2"]
[WhiteElo "1876"]
[BlackElo "2029"]
[WhiteICU "1785"]
[BlackICU "1954"]
[WhiteClub "Rathmines Jrs"]
[BlackClub "Phibsboro"]
[WhiteNationality "IRL"]
[BlackNationality "IRL"]
[WhiteFideId "2507498"]
[BlackFideId "2501538"]
[PlyCount "102"]
[Venue "Gresham Hotel, 23 Upper O'Connell Street, Dublin 1"]
[EventDate "2014.09.12"]
[Source "Herbert Scarry and Pat Fitzsimons, via Irish Chess Cogitations blog"]

{ Reference: <a
href="https://www.irlchess.com/cityofdublin2014_allfiles/information_cityofdublin2014.html">Tournament
report</a>. }

1. e4 e5 2. Nf3 Nc6 3. Bc4 Bc5 4. c3 Nf6 5. d3 a6 6. Bb3 d6 7. h3 Ba7 8.
Be3 Bxe3 9. fxe3 O-O 10. O-O d5 11. exd5 Nxd5 12. Re1 Be6 13. d4 exd4 14.
exd4 Nf4 15. Bxe6 fxe6 16. Nbd2 Qd5 17. Qb3 Qxb3 18. axb3 Rae8 19. g3 Nd5
20. Kg2 Re7 21. Re2 Nd8 22. Ne5 c6 23. Ndc4 Nf7 24. Rf1 Nxe5 25. Rxf8+ Kxf8
26. Nxe5 g6 27. Re1 Kg7 28. Nd3 h6 29. Re2 a5 30. c4 Nc7 31. Nc5 b6 32. Nd3
Rd7 33. Nf4 Rxd4 34. Rxe6 Rd2+ 35. Re2 Rxe2+ 36. Nxe2 Ne6 37. Kf3 Kf6 38.
h4 Ke5 39. Ke3 g5 40. hxg5 hxg5 41. g4 b5 42. Ng1 Nd4 43. Nh3 Nxb3 44. cxb5
cxb5 45. Nxg5 Nc5 46. Nf3+ Kd5 47. g5 Ne6 48. g6 a4 49. Ng5 Ng7 50. Kd3 b4
51. Ne4 a3 1/2-1/2

[Event "City of Dublin Masters 2014"]
[Site "Dublin IRL"]
[Date "2014.09.13"]
[Round "2"]
[White "Murray, David"]
[Black "Harding, Tim"]
[Result "1-0"]
[WhiteElo "2151"]
[BlackElo "2095"]
[WhiteICU "2054"]
[BlackICU "1975"]
[WhiteClub "Gonzaga"]
[BlackClub "T.C.D."]
[WhiteNationality "IRL"]
[BlackNationality "IRL"]
[WhiteFideId "2501511"]
[BlackFideId "2500256"]
[PlyCount "63"]
[Venue "Gresham Hotel, 23 Upper O'Connell Street, Dublin 1"]
[EventDate "2014.09.12"]
[Source "Herbert Scarry and Pat Fitzsimons, via Irish Chess Cogitations blog"]

{ Reference: <a
href="https://www.irlchess.com/cityofdublin2014_allfiles/information_cityofdublin2014.html">Tournament
report</a>. }

1. e4 e5 2. Nf3 Nc6 3. d4 exd4 4. Nxd4 Bc5 5. Nb3 Bb6 6. Nc3 Nf6 7. Bg5 h6
8. Bh4 Qe7 9. Qe2 g5 10. Bg3 a5 11. e5 a4 12. Nd2 Nb4 13. exf6 Nxc2+ 14.
Kd1 Qxe2+ 15. Bxe2 Nxa1 16. Nc4 O-O 17. Nxb6 cxb6 18. Kd2 d5 19. Bd6 Re8
20. Be7 Be6 21. Rxa1 Rec8 22. a3 d4 23. Nb5 Bc4 24. Nd6 Bxe2 25. Nxc8 Rxc8
26. Kxe2 Rc2+ 27. Ke1 Rxb2 28. Rd1 Kh7 29. Rxd4 Kg6 30. g4 Rb1+ 31. Ke2 b5
32. Rd8 1-0

[Event "City of Dublin Masters 2014"]
[Site "Dublin IRL"]
[Date "2014.09.13"]
[Round "2"]
[White "Hayes, Peter J."]
[Black "Keogh, Eamon"]
[Result "1-0"]
[BlackTitle "NM"]
[WhiteElo "2090"]
[BlackElo "1983"]
[WhiteICU "2000"]
[BlackICU "1888"]
[WhiteClub "Rathmines"]
[BlackClub "Kilkenny"]
[WhiteNationality "IRL"]
[BlackNationality "IRL"]
[WhiteFideId "2502569"]
[BlackFideId "2500264"]
[PlyCount "61"]
[Venue "Gresham Hotel, 23 Upper O'Connell Street, Dublin 1"]
[EventDate "2014.09.12"]
[Source "Herbert Scarry and Pat Fitzsimons, via Irish Chess Cogitations blog"]

{ Reference: <a
href="https://www.irlchess.com/cityofdublin2014_allfiles/information_cityofdublin2014.html">Tournament
report</a>. }

1. d4 d6 2. g3 g6 3. Bg2 Bg7 4. Nf3 Nd7 5. O-O e5 6. Nc3 Ne7 7. dxe5 Nxe5
8. Nxe5 Bxe5 9. Nd5 Nxd5 10. Qxd5 O-O 11. c3 c6 12. Qd3 Qb6 13. b3 Qc5 14.
Bh6 Re8 15. Rac1 d5 16. c4 d4 17. e4 dxe3 18. Bxe3 Qa3 19. Qd2 Bg4 20. Rc2
Bf5 21. Qc1 Qb4 22. Rd2 Bc3 23. Rdd1 Bg4 24. Rd3 Bg7 25. Qd2 Qf8 26. Qa5
Be2 27. Rd7 Bxf1 28. Kxf1 b6 29. Qd2 Rad8 30. Bxc6 Rxd7 31. Qxd7 1-0

[Event "City of Dublin Masters 2014"]
[Site "Dublin IRL"]
[Date "2014.09.13"]
[Round "3"]
[White "Daly, Colm"]
[Black "Firstov, Juri"]
[Result "0-1"]
[WhiteTitle "FM"]
[WhiteElo "2343"]
[BlackElo "2367"]
[WhiteICU "2265"]
[BlackICU "2328"]
[WhiteClub "Bray/Greystones"]
[BlackClub "T.C.D."]
[WhiteNationality "IRL"]
[BlackNationality "EST"]
[WhiteFideId "2500434"]
[BlackFideId "4501233"]
[PlyCount "128"]
[Venue "Gresham Hotel, 23 Upper O'Connell Street, Dublin 1"]
[EventDate "2014.09.12"]
[Source "Herbert Scarry and Pat Fitzsimons, via Irish Chess Cogitations blog"]

{ Annotator: Colm Daly, "Daly, Colm - Firstov, Juri", Irish Chess
Cogitations blog, September 2014
(http://www.irishchesscogitations.com/thecod2014/rad3daly_firstov_cod2014.htm:
dead link as of May 16, 2017). } { References: <a
href="https://www.irlchess.com/cityofdublin2014_allfiles/information_cityofdublin2014.html">Tournament
report</a>. }

1. d4 f5 2. g3 Nf6 3. Bg2 e6 4. c4 Be7 5. Nc3 O-O 6. Bg5 c5 7. Nf3 cxd4 8.
Nxd4 Nc6 9. O-O Qb6 10. Ndb5 a6 11. Be3 Qd8 12. Nd6 Ng4 13. Bc1 Nge5 14. b3
Nf7 15. Nxf7 Rxf7 16. Bf4 Qa5 17. Bd2 Qc7 18. Rc1 Ba3 19. Rb1 d6 20. Be3
Bd7 21. Qd2 Ne5 22. Rfd1 Bc6 23. Bf4 Bxg2 24. Kxg2 Qc6+ 25. Kg1 Ng6 26. Qd3
Nxf4 27. gxf4 Rc8 28. Na4 Bb4 29. Nb2 Rf6 30. f3 Bc5+ 31. Kh1 Rh6 32. Rf1
Rd8 33. e3 d5 34. e4 fxe4 35. fxe4 Bb6 36. cxd5 exd5 37. e5 d4+ 38. Qf3 Qc2
39. Qg2 d3 40. Nc4 d2 41. Rbd1 Qxa2 42. Qf3 Qc2 43. f5 Qd3 44. f6 Qxf3+ 45.
Rxf3 Bc7 46. Rg3 Rg6 47. fxg7 b5 48. Ne3 Bxe5 49. Rg2 Bc3 50. Rxg6 hxg6 51.
Kg2 Rd3 52. Nf1 Bb4 53. Kf2 Rxb3 54. Ke2 a5 55. Ne3 a4 56. Nd5 Ba5 57. Rg1
Kxg7 58. h4 Rh3 59. Nf4 Rxh4 60. Nxg6 Rd4 61. Ne5+ Kf6 62. Nf3 Re4+ 63. Kd3
Re1 64. Nxe1 d1=Q+ 0-1

[Event "City of Dublin Masters 2014"]
[Site "Dublin IRL"]
[Date "2014.09.13"]
[Round "3"]
[White "Delaney, Killian"]
[Black "Murray, David"]
[Result "1-0"]
[WhiteElo "2114"]
[BlackElo "2151"]
[WhiteICU "2109"]
[BlackICU "2054"]
[WhiteClub "Gonzaga"]
[BlackClub "Gonzaga"]
[WhiteNationality "IRL"]
[BlackNationality "IRL"]
[WhiteFideId "2501570"]
[BlackFideId "2501511"]
[PlyCount "87"]
[Venue "Gresham Hotel, 23 Upper O'Connell Street, Dublin 1"]
[EventDate "2014.09.12"]
[Source "Herbert Scarry and Pat Fitzsimons, via Irish Chess Cogitations blog"]

{ Reference: <a
href="https://www.irlchess.com/cityofdublin2014_allfiles/information_cityofdublin2014.html">Tournament
report</a>. }

1. e4 e5 2. Nf3 Nc6 3. Bc4 Nf6 4. d3 Be7 5. c3 O-O 6. O-O d6 7. Bb3 Bg4 8.
h3 Bh5 9. Nbd2 Re8 10. Re1 Bf8 11. Nf1 Bg6 12. Bg5 h6 13. Bh4 Bh7 14. g4 g5
15. Bg3 Ne7 16. Ne3 Ng6 17. h4 Nf4 18. hxg5 Nh3+ 19. Kg2 Nxg5 20. Nh4 c6
21. Nef5 Qd7 22. f4 exf4 23. Bxf4 d5 24. e5 Nh5 25. Bh2 Kh8 26. Rf1 Ng7 27.
Nxh6 N7e6 28. N6f5 Bg7 29. Qd2 Rg8 30. Rh1 Bf8 31. Bg3 b5 32. Nf3 Rg6 33.
Rh5 Nxf3 34. Kxf3 Ng7 35. Rxh7+ Kxh7 36. Rh1+ Kg8 37. Qh2 f6 38. Qh7+ Kf7
39. Nh6+ Rxh6 40. Rxh6 fxe5 41. Bxe5 Ke8 42. Qg6+ Qf7+ 43. Qxf7+ Kxf7 44.
Rxc6 1-0

[Event "City of Dublin Masters 2014"]
[Site "Dublin IRL"]
[Date "2014.09.13"]
[Round "3"]
[White "O'Donnell, Conor"]
[Black "Redmond, John P."]
[Result "1/2-1/2"]
[WhiteElo "2209"]
[BlackElo "2255"]
[WhiteICU "2143"]
[BlackICU "2203"]
[WhiteClub "Gonzaga"]
[BlackClub "Atticus ENG"]
[WhiteNationality "IRL"]
[BlackNationality "IRL"]
[WhiteFideId "2504243"]
[BlackFideId "2500051"]
[PlyCount "31"]
[Venue "Gresham Hotel, 23 Upper O'Connell Street, Dublin 1"]
[EventDate "2014.09.12"]
[Source "Herbert Scarry and Pat Fitzsimons, via Irish Chess Cogitations blog"]

{ Reference: <a
href="https://www.irlchess.com/cityofdublin2014_allfiles/information_cityofdublin2014.html">Tournament
report</a>. }

1. e4 e6 2. d4 d5 3. Nc3 Bb4 4. exd5 exd5 5. Bd3 Nc6 6. a3 Bxc3+ 7. bxc3
Be6 8. Rb1 b6 9. Qf3 Qd7 10. Ne2 Nge7 11. O-O O-O 12. Nf4 Bf5 13. Re1 Rfe8
14. Bd2 Bxd3 15. cxd3 Rad8 16. Nh5 1/2-1/2